000 00617nam a22002177a 4500
003 SISC
005 20160401134743.0
008 130813t xxu||||| |||| 00| 0 eng d
020 _a9789814226783
050 _aLB 1028.5
_b.T758l6 2007
082 _aHS 004
_bT67-6 2007
100 _aTrabel, Diana M.
_99879
245 _aLearning with computers 6 /
_cDiana M.Trabel, Jack P. Hoggatt.
260 _aSingapore :
_bSouth-Western, Thomson Learning,
_c2007.
300 _a196 p. ;
_bill. ;
_c26 cm.
650 _aComputers
700 _aHoggatt, Jack P.
_99880
942 _2lcc
_cBK
999 _c8486
_d8486